Meilleurs buteurs que Kylian Mbappé - Mort Subite - Statistiques

Statistiques générales
  • Ce quiz a été pris 973 fois
  • Le résultat moyen est 5 sur 15
Answers on the Grid
Answers color-coded by a green-red scale on the quiz's grid according to % correct below.
Andriy Shevchenko
Antonio Di Natale
Cristiano Ronaldo
David Villa
Didier Drogba
Edinson Cavani
Eusébio
Ferenc Puskás
Francesco Totti
Harry Kane
Karim Benzema
Lionel Messi
Luis Suárez
Pelé
Radamel Falcao
Raúl
Robert Lewandowski
Roger Milla
Ronaldinho
Ronaldo
Samuel Eto'o
Sergio Agüero
Thomas Müller
Zlatan Ibrahimović
 
Statistiques - réponses
Réponse % Correct
918 Lionel Messi
68%
966 Cristiano Ronaldo
64%
706 Robert Lewandowski
58%
778 Pelé
52%
527 Karim Benzema
49%
590 Luis Suárez
47%
518 Harry Kane
42%
579 Zlatan Ibrahimović
39%
476 Edinson Cavani
22%
760 Ferenc Puskás
20%
444 Raúl
19%
427 Sergio Agüero
19%
625 Eusébio
15%
437 David Villa
7%
475 Roger Milla
2%
Aucun quiz correspondant
Distribution des résultats
% des personnes avec chaque résultat
Percentile par nombre de réponses
Votre historique - résultats
Vous n’avez pas pris ce quiz